00885nam a2200265 i 450000500170000000800410001704000270005804100080008504400070009308200200010024500670012026000870018730000110027465000470028565000430033265000380037565000200041365000220043365000440045566200120049970000210051170000330053270000230056570000310058820191224041650.0140306s2002 ec ||||| |||| 00| 0 spa d aCO-BoIAVH cCO-BoIAVH  aspa aec04a598.09866bR74l00aLibro rojo de las aves del Ecuador /cTarsicio Granizo editor. aQuito :bSIMBIOEbConservation InternationalbEcoCienciabUICN-SurbSIMBIOE,c2002 a462 p.14aAvesxDistribución geográficazEcuador aDiversidad biológicaxConservación aConservación del medio ambiente aFauna amenazada aListas rojas UICN aDistribución geográfica de especies aEcuador aPacheco, Cecilia aRibadeneira, María Belén aGuerrero, Mauricio aGranizo, Tarsicio,eeditor